Gaming Quiz

Random Gaming or Toys Quiz

Find the Toy Hall of Fame Inductees Quiz Stats

 Plays Quiz Updated Dec 30, 2017

Score 0/20 Timer 04:00
6 Plays Today
% Correct
Rubber Duck
97.6%
Crayola Crayons
97.3%
LEGO
97.2%
Barbie
97.2%
Roller Skates
97.1%
Raggedy Ann and Andy
97.1%
Rocking Horse
97.1%
G.I. Joe
96.9%
Alphabet Blocks
96.8%
Slinky
96.7%
% Correct
Easy-Bake Oven
96.6%
Etch A Sketch
96.2%
Cardboard Box
95.9%
Nintendo Game Boy
95.8%
View-Master
95.6%
Hot Wheels
94.4%
Big Wheel
93.5%
Play-Doh
91.9%
Silly Putty
91.2%
Atari 2600 Game System
90.8%

You're not logged in!

Compare scores with friends on all Sporcle quizzes.
OR
Log In

You Might Also Like...

Show Comments

Extras

Top Quizzes Today


Score Distribution

Your Account Isn't Verified!

In order to create a playlist on Sporcle, you need to verify the email address you used during registration. Go to your Sporcle Settings to finish the process.

Report this User

Report this user for behavior that violates our Community Guidelines.

Details: